书目信息 |
| 题名: |
循环经济和生态工业规划汇编
|
|
| 作者: | ;国家环境保护总局科技标准司 编 | |
| 分册: | ||
| 出版信息: | 北京 化学工业出版社 2004 |
|
| 页数: | ||
| 开本: | 26cm | |
| 丛书名: | ||
| 单 册: | ||
| 中图分类: | X322.2 | |
| 科图分类: | ||
| 主题词: | 环境规划 , 环境管理 , 环境堡规划 | |
| 电子资源: | ||
| ISBN: | 7-5025-5259-6 | |
| 000 | 00710nam0 2200205 450 | |
| 001 | 0754114953 | |
| 005 | 20070929150154.95 | |
| 010 | @a7-5025-5259-6 | |
| 100 | @a20070929d km y0chiy0120 ea | |
| 101 | 0 | @achi |
| 200 | 1 | @a循环经济和生态工业规划汇编@Axun huan jing ji he sheng tai gong ye gui hua hui bian@f国家环境保护总局科技标准司 编@Fguo jia huan jing bao hu zong ju ke ji biao zhun si bian |
| 210 | @a北京@c化学工业出版社@d2004 | |
| 215 | @d26cm | |
| 606 | 0 | @a环境规划 |
| 606 | 0 | @a环境管理 |
| 606 | 0 | @a环境堡规划 |
| 690 | @aX322.2@v3 | |
| 711 | 02 | @a国家环境保护总局科技标准司@Aguo jia huan jing bao hu zong ju ke ji biao zhun si@4编 |
| 801 | 0 | @aCN@bPFT@c20070929 |
| 905 | @a213230@dX322.2@eh99@f1 | |
| 循环经济和生态工业规划汇编/国家环境保护总局科技标准司 编.-北京:化学工业出版社,2004 |
| 26cm |
| ISBN 7-5025-5259-6: |
| ● |
| 相关链接 |
|
|
|
|
正题名:循环经济和生态工业规划汇编
索取号:X322.2/h99
 
预约/预借
| 序号 | 登录号 | 条形码 | 馆藏地/架位号 | 状态 | 备注 |
| 1 | 6003089 | 260030898 | 密集书库-化学系/ [索取号:X322.2/h99] | 在馆 |